000 00585nam a22001937a 4500
999 _c7140
_d7140
003 OSt
005 20210906154619.0
008 210906b ||||| |||| 00| 0 eng d
020 _a0969057024
040 _cDDC
082 _a291.4RAV2000
100 _aRavindra,Ravi
_d1939-
_914703
245 _aWhispers from the other shore
_bSpiritual search-East and West
_cEdited by Ravindra,Ravi
260 _aCanada
_bShaila Press
_c2000
300 _aviii,128p;
_bill
_c23cm
504 _aIncludes; glossary,bibliography references and index
650 _aReligion
_914705
942 _2ddc
_cO_SHELF